[Event "World Rapid 2015"]
[Site "Berlin GER"]
[Date "2015.10.11"]
[Round "7.18"]
[White "Agdestein, Simen"]
[Black "Riazantsev, Alexander"]
[Result "0-1"]
[WhiteTitle "GM"]
[BlackTitle "GM"]
[WhiteElo "2606"]
[BlackElo "2646"]
[WhiteFideId "1500015"]
[BlackFideId "4125029"]
[EventDate "2015.10.10"]

1. d4 Nf6 2. c4 e6 3. Nf3 b6 4. g3 Bb4+ 5. Bd2 Be7 6. Bg2 Bb7 7. Nc3 c6 8. e4 d5
9. cxd5 cxd5 10. e5 Ne4 11. O-O O-O 12. Re1 Nxd2 13. Qxd2 Ba6 14. a3 Nc6 15. b4
Bc4 16. Bf1 Bxf1 17. Kxf1 Qd7 18. Kg2 a6 19. Ne2 a5 20. b5 Na7 21. Reb1 Nxb5 22.
Qd3 Na7 23. Rxb6 Rfb8 24. Rab1 Rxb6 25. Rxb6 Nc8 26. Rb1 Qa4 27. Qc3 Qc4 28. Qb2
h6 29. Nf4 a4 30. h4 Bf8 31. Nd2 Qa6 32. Qc3 Ne7 33. Nd3 Nf5 34. Nb4 Rc8 35.
Nxa6 Rxc3 36. Nf3 Bxa3 37. Rb8+ Kh7 38. g4 Ne7 39. Rb7 Nc8 40. Rxf7 Be7 41. Nc5
a3 42. Nxe6 a2 43. Rxg7+ Kh8 44. g5 Rc6 45. Rg6 a1=Q 46. Rxh6+ Kg8 47. h5 Qb1
48. Kg3 Rc3 49. Rg6+ Kf7 50. Nc5 Qd1 51. e6+ Ke8 52. Rg8+ Bf8 53. Rxf8+ Kxf8 54.
Nd7+ Ke7 55. Ne5 Kxe6 56. h6 Ne7 0-1

[Event "World Rapid 2015"]
[Site "Berlin GER"]
[Date "2015.10.11"]
[Round "7.60"]
[White "Wagner, Dennis"]
[Black "Zhang, Zhong"]
[Result "0-1"]
[WhiteTitle "GM"]
[BlackTitle "GM"]
[WhiteElo "2575"]
[BlackElo "2619"]
[WhiteFideId "24650684"]
[BlackFideId "8600694"]
[EventDate "2015.10.10"]

1. d4 Nf6 2. c4 e6 3. Nf3 d5 4. Nc3 Bb4 5. cxd5 exd5 6. Bg5 h6 7. Bh4 c5 8. dxc5
Nbd7 9. e3 Qa5 10. Nd2 Bxc3 11. bxc3 Qxc5 12. Be2 O-O 13. O-O Qxc3 14. Rc1 Qa5
15. Nb3 Qxa2 16. Nd4 Ne4 17. Nb5 Ndf6 18. f3 Ng5 19. Be1 Bf5 20. e4 dxe4 21. Bc4
Qa6 22. fxe4 Rad8 23. Qb3 Bxe4 24. h4 Ngh7 25. Bb4 Qb6+ 26. Rf2 a6 27. Bc5 Qxc5
28. Bxf7+ Rxf7 29. Rxc5 axb5 30. Rxb5 Rd3 31. Qc4 Rd1+ 32. Rf1 Rd2 33. Rf2 Rxf2
34. Kxf2 Bc6 35. Ra5 Nd5+ 36. Kg1 Nhf6 37. Ra8+ Kh7 38. Qd3+ g6 39. Qd4 h5 40.
Qe5 Re7 41. Qa1 Kg7 42. Rd8 Re2 43. Qa3 Re1+ 44. Kf2 Re7 45. Qa1 Kh7 46. Kg1 Ne8
47. Qa3 Re1+ 48. Kf2 Re6 49. Kg1 Kg7 50. Qa1+ Ndf6 51. Rd2 Re4 52. Qa3 Re1+ 53.
Kf2 Re6 54. Kg1 Ng4 55. Qa1+ Nef6 56. Rc2 Kh7 57. Rd2 Re8 58. Ra2 Re6 59. Ra8
Re2 60. Ra2 Re4 61. Ra8 Ne5 62. Qa3 Ned7 63. Qa1 Rxh4 64. Ra3 Rg4 65. Ra2 Re4
66. Rf2 Kg7 67. Qa3 Re1+ 68. Rf1 Re2 69. Rf2 Re6 70. Qc3 Kh7 71. Qb3 Bd5 72. Qa3
Kg7 73. Qc3 Bc6 74. Rf1 Ne5 75. Qb4 Neg4 76. Re1 Ne4 77. Ra1 Re8 78. Rd1 Ngf6
79. Rd8 Rxd8 80. Qe7+ Kh6 81. Qxd8 Bd5 82. Kh2 b5 83. Kh3 Be6+ 84. Kh2 b4 85.
Qf8+ Kg5 86. Qxb4 Ng4+ 87. Kg1 Ngf6 88. Qd4 Kh6 89. Qe3+ g5 90. Qa3 Kg6 91. Qe7
Bf5 92. Qd8 h4 93. Qh8 Be6 94. Qb8 Bd5 95. Qc7 Ng3 96. Qc2+ Be4 97. Qd2 Nd5 98.
Qa2 Kh5 99. Qb2 Kg6 100. Qa1 Ne2+ 101. Kh2 Nf6 102. Qa6 Ng3 103. Qb6 Bd5 104.
Qa6 Kf5 105. Qc8+ Kg6 106. Qa6 Ne4 107. Qb6 Kf5 108. Kg1 Nh5 109. Qb5 Nf4 110.
Qd7+ Kf6 111. Qd8+ Ke5 112. Qh8+ Nf6 113. Qb8+ Kf5 114. Qb1+ Be4 115. Qb2 Bxg2
116. Qb5+ Bd5 117. Kh2 g4 118. Qb1+ Kg5 119. Qb2 g3+ 120. Kg1 Nh3+ 121. Kf1 g2+
122. Ke2 Nf4+ 123. Kd2 g1=Q 124. Qe5+ Kg6 125. Qxf4 Qg5 0-1

[Event "World Rapid 2015"]
[Site "Berlin GER"]
[Date "2015.10.11"]
[Round "8.38"]
[White "Volokitin, Andrei"]
[Black "Shchekachev, Andrei"]
[Result "1/2-1/2"]
[WhiteTitle "GM"]
[BlackTitle "GM"]
[WhiteElo "2639"]
[BlackElo "2531"]
[WhiteFideId "14107090"]
[BlackFideId "4107730"]
[EventDate "2015.10.10"]

1. e4 c5 2. Nf3 e6 3. d4 cxd4 4. Nxd4 a6 5. Bd3 Bc5 6. Nb3 Be7 7. Qg4 g6 8. Qe2
d6 9. O-O Nd7 10. a4 Ne5 11. a5 Nf6 12. Nc3 Bd7 13. Bh6 Nfg4 14. Bg7 Rg8 15.
Bxe5 Nxe5 16. f4 Nxd3 17. Qxd3 Rc8 18. f5 gxf5 19. exf5 Bc6 20. Rf2 Bh4 21. g3
Bxg3 22. hxg3 Qh4 23. Rg2 Qh3 24. Ne4 Bxe4 25. Qxe4 Rxg3 26. c3 Rc4 27. Nd4 e5
28. Re1 Kf8 29. Re2 Rxg2+ 30. Rxg2 exd4 31. Qxb7 Qe3+ 32. Kh1 Qe1+ 33. Kh2 Qh4+
34. Kg1 Qe1+ 35. Kh2 1/2-1/2

[Event "World Rapid 2015"]
[Site "Berlin GER"]
[Date "2015.10.11"]
[Round "9.69"]
[White "Richter, Michael"]
[Black "Ghaem Maghami, Ehsan"]
[Result "0-1"]
[WhiteTitle "GM"]
[BlackTitle "GM"]
[WhiteElo "2517"]
[BlackElo "2596"]
[WhiteFideId "4618920"]
[BlackFideId "12500739"]
[EventDate "2015.10.10"]

1. d4 Nf6 2. c4 e6 3. Nc3 Bb4 4. f3 c5 5. d5 O-O 6. e4 Re8 7. Ne2 d6 8. Bf4 exd5
9. cxd5 Nh5 10. Bd2 Nd7 11. Qc2 Ne5 12. O-O-O Nc4 13. g4 Nxd2 14. Qxd2 Nf6 15.
Ng3 a6 16. Nf5 b5 17. Rg1 Kh8 18. Kb1 c4 19. Rg3 Rb8 20. Rh3 Bxf5 21. gxf5 Qe7
22. Rg3 Nh5 23. Rh3 Nf6 24. Rg3 Nd7 25. Be2 Qf6 26. Rdg1 Rg8 27. Qc2 g6 28. fxg6
fxg6 29. Nd1 Ne5 30. Ne3 Bc5 31. f4 Qxf4 32. Rf1 Qh6 33. Ng4 Qg7 34. Nxe5 Qxe5
35. Bg4 Rgf8 36. Rgf3 Rxf3 37. Rxf3 Kg7 38. Qe2 Rf8 39. Rxf8 Kxf8 40. Qf3+ Kg7
41. Bc8 Qxh2 42. Bxa6 Bd4 0-1

[Event "World Rapid 2015"]
[Site "Berlin GER"]
[Date "2015.10.11"]
[Round "10.13"]
[White "Khismatullin, Denis"]
[Black "Anand, Viswanathan"]
[Result "1-0"]
[WhiteTitle "GM"]
[BlackTitle "GM"]
[WhiteElo "2651"]
[BlackElo "2803"]
[WhiteFideId "4142578"]
[BlackFideId "5000017"]
[EventDate "2015.10.10"]

1. d4 Nf6 2. c4 e6 3. Nc3 Bb4 4. e3 O-O 5. Bd3 d5 6. cxd5 exd5 7. Ne2 Re8 8. Bd2
Bd6 9. O-O c6 10. Rc1 Ng4 11. h3 Nh2 12. Re1 Nf3+ 13. gxf3 Qg5+ 14. Kh1 Qh4 15.
Nf4 Bxh3 16. Ng2 Qxf2 17. Bf1 Re6 18. e4 Qg3 19. e5 Bxg2+ 20. Bxg2 Qh4+ 21. Kg1
Qxd4+ 22. Be3 Qxd1 23. Rexd1 Bxe5 24. Nxd5 Na6 25. Nf4 Re7 26. Bd2 Bxb2 27. Rc2
Bd4+ 28. Kf1 Rae8 29. Bc1 Be3 30. Bxe3 Rxe3 31. Rb1 R3e7 32. Kf2 g6 33. Rb3 Nb8
34. Nd3 b6 35. f4 c5 36. Ne5 Kg7 37. a4 Na6 38. Nc6 Rd7 39. Bf1 Nb8 40. Bb5 Rc7
41. Ne5 Rd8 42. Re2 Rd4 43. Kg3 f6 44. Nf3 Rd6 45. Rbe3 Nc6 46. Re8 Nd4 47.
R2e7+ Rxe7 48. Rxe7+ Kh6 49. Nxd4 cxd4 50. Rxa7 d3 51. Rd7 Rxd7 52. Bxd7 Kg7 53.
Kf3 Kf7 54. Ke3 Ke7 55. Bb5 Kd6 56. Kxd3 Kc5 57. Ke4 g5 58. f5 h5 59. Be2 h4 60.
Bg4 Kc4 61. Bh3 Kc5 62. Bf1 Kd6 63. Kd4 g4 64. Ke4 h3 65. Kf4 h2 66. Bg2 Kc5 67.
Kg3 Kb4 68. Kxh2 1-0

[Event "World Rapid 2015"]
[Site "Berlin GER"]
[Date "2015.10.11"]
[Round "10.18"]
[White "Navara, David"]
[Black "Wojtaszek, Radoslaw"]
[Result "0-1"]
[WhiteTitle "GM"]
[BlackTitle "GM"]
[WhiteElo "2734"]
[BlackElo "2734"]
[WhiteFideId "309095"]
[BlackFideId "1118358"]
[EventDate "2015.10.10"]

1. d4 Nf6 2. Nc3 d5 3. Bf4 e6 4. e3 Bb4 5. Ne2 O-O 6. a3 Bd6 7. Ng3 c5 8. dxc5
Bxc5 9. Bd3 Nc6 10. O-O Bd6 11. Bg5 h6 12. Bxf6 Qxf6 13. e4 d4 14. Nce2 Bxg3 15.
Nxg3 e5 16. Qd2 Qg5 17. Qxg5 hxg5 18. Bc4 Rd8 19. Rfd1 Kf8 20. Ne2 Ke7 21. c3
Be6 22. Bxe6 Kxe6 23. cxd4 Nxd4 24. Kf1 Nb3 25. Rxd8 Rxd8 26. Re1 Nd2+ 27. Kg1
Nxe4 28. f3 Nc5 29. Rc1 Nd3 30. Rc2 f5 31. Nc3 Rd7 32. Kf1 g6 33. Ke2 Nc5 34.
Ke3 Nb3 35. Ne2 a6 36. Rc3 Nd4 37. Rc8 Nb5 38. Re8+ Kf6 39. Rf8+ Ke7 40. Rg8 Kf7
41. Rb8 Nd6 42. b3 Rc7 43. Rd8 Nb5 44. a4 Nc3 45. Rd6 e4 46. fxe4 Nxe4 47. Rb6
Nf6 48. Kd4 Nd7 49. Rb4 Nc5 50. Kd5 Ne4 51. Rb6 Rd7+ 52. Ke5 Nc5 53. Rf6+ Kg7
54. Rb6 Nxb3 55. Nf4 gxf4 56. Rxb3 Rd2 57. g3 fxg3 58. Rxb7+ Kh6 59. hxg3 Rd3
60. Ra7 Rxg3 61. Rxa6 Kg5 62. a5 Re3+ 63. Kd4 Ra3 64. Kc5 f4 65. Kb4 Ra1 66. Ra7
f3 67. Rf7 Kg4 68. Kb5 g5 69. a6 Kg3 70. a7 g4 71. Kb6 f2 72. Rf5 Rxa7 73. Kxa7
Kg2 74. Rf4 g3 0-1

[Event "World Rapid 2015"]
[Site "Berlin GER"]
[Date "2015.10.11"]
[Round "10.63"]
[White "Meister, Jakob"]
[Black "Handke, Florian"]
[Result "0-1"]
[WhiteTitle "GM"]
[BlackTitle "GM"]
[WhiteElo "2437"]
[BlackElo "2531"]
[WhiteFideId "4102541"]
[BlackFideId "4634527"]
[EventDate "2015.10.10"]

1. d4 Nf6 2. Bf4 g6 3. Nc3 d5 4. Qd2 a6 5. f3 b5 6. e4 dxe4 7. Nxe4 Nxe4 8. fxe4
Bg7 9. Nf3 Bb7 10. e5 c5 11. a4 cxd4 12. axb5 O-O 13. bxa6 Nxa6 14. Rd1 Nc5 15.
Bc4 Bxf3 16. gxf3 Qb6 17. b4 Nd7 18. Qxd4 Qxb4+ 19. Kf2 Ra4 20. Qxd7 Qxc4 21.
Bg3 Ra2 22. Rd2 Rxc2 23. Rd1 Qc5+ 24. Kg2 Rxd2+ 25. Rxd2 Bxe5 26. Rd5 Qc2+ 27.
Rd2 Qc3 28. Rd3 Qb2+ 29. Rd2 Qb8 30. Qxe7 Bxg3 31. hxg3 Re8 32. Qf6 Qc7 33. Qd4
h5 34. Kf2 Qc1 35. Rd1 Qc2+ 36. Rd2 Qb1 37. Rd1 Qf5 38. Qd7 Re6 39. Qc8+ Kg7 40.
Qc3+ Kh7 41. Rd8 Rf6 42. Kg2 Qe6 43. Re8 Qa6 44. Re1 Qa2+ 45. Kh3 Qa6 46. Kg2
Qa2+ 47. Kh3 Kg7 48. Qe5 Qf2 49. f4 Qf3 50. Qg5 Rf5 51. Qh4 Qf2 52. Ra1 Qb2 53.
Rd1 Qc2 54. Qd8 Qe2 55. Rg1 Qg4+ 56. Kh2 Qe2+ 57. Rg2 Qg4 58. Qd4+ Kh7 59. Qf2
g5 60. Qe2 gxf4 61. Qxg4 hxg4 62. gxf4 Rxf4 63. Kg3 Ra4 64. Kh4 Kh6 65. Rb2 Kg6
66. Rb8 f6 67. Rb5 Rf4 68. Kg3 Rf5 69. Rb4 Rg5 70. Rb6 Kg7 71. Rb7+ Kh6 72. Rb6
Rg6 73. Rb5 Rg5 74. Rb6 Kg6 75. Ra6 Kg7 76. Ra7+ Kh6 77. Ra6 Rg6 78. Ra5 Kh7 79.
Ra7+ Kg8 80. Ra8+ Kf7 81. Ra7+ Ke6 82. Ra6+ Kd5 83. Ra5+ Kc6 84. Ra6+ Kb5 85.
Re6 Kc5 86. Ra6 Kd5 87. Ra5+ Ke6 88. Ra6+ Kf7 89. Ra7+ Kf8 90. Ra8+ Kg7 91. Ra7+
Kh6 92. Ra6 Kg5 0-1

[Event "World Rapid 2015"]
[Site "Berlin GER"]
[Date "2015.10.12"]
[Round "11.39"]
[White "Akopian, Vladimir"]
[Black "Shchekachev, Andrei"]
[Result "1-0"]
[WhiteTitle "GM"]
[BlackTitle "GM"]
[WhiteElo "2648"]
[BlackElo "2531"]
[WhiteFideId "13300032"]
[BlackFideId "4107730"]
[EventDate "2015.10.10"]

1. e4 c5 2. Nf3 e6 3. b3 d6 4. Bb2 Nd7 5. Bb5 Nf6 6. Qe2 Be7 7. O-O O-O 8. Bxd7
Bxd7 9. e5 dxe5 10. Nxe5 Rc8 11. d3 Nd5 12. Nd2 Nb4 13. Ne4 Be8 14. Rad1 f6 15.
Nc4 Nc6 16. f4 Nd4 17. Qf2 b5 18. Ne3 f5 19. Ng3 h5 20. c3 h4 21. cxd4 cxd4 22.
Nc2 hxg3 23. hxg3 Rf6 24. Rc1 Rg6 25. Nxd4 Rxc1 26. Rxc1 Qb6 27. Rc8 Bd8 28. Nf3
Kh7 29. Bd4 Qd6 30. Ne5 Rh6 31. Bc5 Qd5 32. Qd4 1-0

[Event "World Rapid 2015"]
[Site "Berlin GER"]
[Date "2015.10.12"]
[Round "12.63"]
[White "Meister, Jakob"]
[Black "Piorun, Kacper"]
[Result "1-0"]
[WhiteTitle "GM"]
[BlackTitle "GM"]
[WhiteElo "2437"]
[BlackElo "2609"]
[WhiteFideId "4102541"]
[BlackFideId "1130420"]
[EventDate "2015.10.10"]

1. d4 Nf6 2. Bf4 e6 3. e3 Be7 4. c4 O-O 5. Nc3 b6 6. Be2 Bb7 7. Bf3 d5 8. Qc2
Nbd7 9. Nge2 Qc8 10. cxd5 exd5 11. O-O a6 12. Rfd1 Rd8 13. Rac1 c5 14. Ng3 g6
15. Bg5 cxd4 16. exd4 Bf8 17. Qd2 Qb8 18. Nf1 Rc8 19. Qf4 Qxf4 20. Bxf4 b5 21.
Ne3 Nb6 22. Be5 Ne4 23. Nexd5 Nxd5 24. Nxe4 Be7 25. Nd6 Bxd6 26. Bxd6 Rd8 27.
Be5 Rd7 28. Rc5 Re8 29. h4 f6 30. Bxd5+ Bxd5 31. Bxf6 Re2 32. b4 Kf7 33. Bg5
Rxa2 34. Re1 Kg7 35. Rc8 Rf7 36. Be3 Rb2 37. Rd8 Bb7 38. d5 Rxb4 39. Rd1 Rc4 40.
h5 Rc8 41. h6+ Kf6 42. Rd6+ Ke7 43. Rb6 Kd8 44. Bg5+ Kc7 45. Re6 Kb8 46. d6 Rd7
47. Re7 Bc6 48. Rg7 Kb7 49. Re1 b4 50. Ree7 Rd8 51. Re3 Rf8 52. Be7 Rh8 53. Bf6
Rf8 54. Bd4 Rf4 55. Bb2 Rh4 56. Ree7 Kc8 57. Rxh7 Rxe7 58. dxe7 Be8 59. Bf6 b3
60. g3 Rh5 61. Kg2 Rf5 62. Rh8 Kd7 63. Rxe8 Kxe8 64. h7 Rh5 65. h8=Q+ Rxh8 66.
Bxh8 Kxe7 67. f4 a5 68. g4 a4 69. Bb2 Ke6 70. Kf3 Kd5 71. f5 gxf5 72. gxf5 Kc4
73. f6 Kd3 74. f7 Kc2 75. Ba3 b2 76. Bxb2 Kxb2 77. f8=Q a3 78. Qb4+ Ka2 79. Ke2 1-0

[Event "World Rapid 2015"]
[Site "Berlin GER"]
[Date "2015.10.12"]
[Round "12.66"]
[White "Milanovic, Danilo"]
[Black "Thornton, Giovanni Antonio"]
[Result "1-0"]
[WhiteTitle "GM"]
[WhiteElo "2469"]
[BlackElo "2207"]
[WhiteFideId "915483"]
[BlackFideId "4300963"]
[EventDate "2015.10.10"]

1. d4 Nf6 2. c4 e6 3. Nc3 Bb4 4. e3 O-O 5. Bd3 d5 6. cxd5 exd5 7. Ne2 Re8 8. O-O
c6 9. f3 c5 10. a3 cxd4 11. axb4 dxc3 12. Nxc3 Nc6 13. b5 Ne5 14. Be2 h5 15. Ra4
b6 16. Rd4 Bb7 17. e4 Qc7 18. f4 Neg4 19. e5 Ne4 20. Nxe4 dxe4 21. h3 Nh6 22.
Rd7 Qc5+ 23. Kh2 Bc8 24. Rd5 Qe7 25. Bxh5 Be6 26. Rd4 Rad8 27. Rxd8 Rxd8 28. Qe1
Bc4 29. Be2 Bd3 30. Bxd3 exd3 31. f5 Rd5 32. Bxh6 gxh6 33. Qg3+ Qg5 34. Qf3 Rxe5
35. Qxd3 Qe3 36. Qd8+ Re8 37. Qh4 Re4 38. Qh5 Qg5 39. Qd1 Rf4 40. Rf3 Rxf3 41.
Qxf3 Qf6 42. b3 Kh7 43. Qd5 Kg7 44. Kg3 Qg5+ 45. Kf3 Qh5+ 46. Kf2 Qh4+ 47. Ke2
Qf4 48. Kd3 Qf1+ 49. Kd2 Qf2+ 50. Kc3 Qe3+ 51. Kc4 Qe2+ 52. Kd4 Qf2+ 53. Kd3
Qf1+ 54. Ke3 Qe1+ 55. Kf3 Qf1+ 56. Kg4 Qe2+ 57. Kh4 Qe7+ 58. Kg4 Qe2+ 59. Kf4
Qf2+ 60. Kg4 Qe2+ 61. Kg3 Qe3+ 62. Kg4 Qe2+ 63. Qf3 Qxb5 64. Qc3+ Kg8 65. Qc8+
Kg7 66. Kh5 Qe5 67. h4 Qe3 68. Qc6 Qf4 69. g4 Qf2 70. Qxh6+ Kg8 71. Qg5+ Kf8 72.
Qd8+ Kg7 73. Qg5+ Kf8 74. f6 Qc2 75. Qg7+ Ke8 76. Qg8+ Kd7 77. Qxf7+ Kd6 78.
Qe7+ Kd5 79. Kh6 Qf2 80. f7 1-0

[Event "World Rapid 2015"]
[Site "Berlin GER"]
[Date "2015.10.12"]
[Round "12.78"]
[White "Lagunow, Raphael"]
[Black "Richter, Michael"]
[Result "0-1"]
[BlackTitle "GM"]
[WhiteElo "2164"]
[BlackElo "2517"]
[WhiteFideId "24652644"]
[BlackFideId "4618920"]
[EventDate "2015.10.10"]

1. Nf3 d5 2. g3 Nc6 3. d4 Bg4 4. Bg2 Qd7 5. c4 dxc4 6. d5 Bxf3 7. Bxf3 O-O-O 8.
Nc3 Ne5 9. Bg2 e6 10. f4 Ng4 11. e4 exd5 12. Qxd5 Qxd5 13. Nxd5 Bc5 14. Bh3 h5
15. Ne3 Bxe3 16. Bxe3 Rd3 17. Bd2 Nf6 18. e5 Ne4 19. Bb4 c5 20. Ba3 Re3+ 21. Kf1
Rd8 22. Re1 Rxe1+ 23. Kxe1 Kc7 24. Bxg4 hxg4 25. Ke2 Kc6 26. Rc1 b5 27. Ke3 f5
28. exf6 Nxf6 29. b3 Nd5+ 30. Ke4 c3 31. Rc2 Re8+ 32. Kf5 Ne3+ 33. Kg6 Nxc2 0-1

[Event "World Rapid 2015"]
[Site "Berlin GER"]
[Date "2015.10.12"]
[Round "13.7"]
[White "Guseinov, Gadir"]
[Black "Khismatullin, Denis"]
[Result "1/2-1/2"]
[WhiteTitle "GM"]
[BlackTitle "GM"]
[WhiteElo "2634"]
[BlackElo "2651"]
[WhiteFideId "13401378"]
[BlackFideId "4142578"]
[EventDate "2015.10.10"]

1. e4 c5 2. Nf3 d6 3. Bb5+ Nd7 4. c3 Nf6 5. Qe2 a6 6. Ba4 b5 7. Bc2 Bb7 8. O-O
e5 9. d4 Be7 10. Rd1 Qc7 11. d5 c4 12. Nbd2 O-O 13. Nf1 Nc5 14. Ng3 Bc8 15. h3
a5 16. Nh2 Re8 17. Qf3 g6 18. Bh6 b4 19. Nhf1 Rb8 20. Ne3 bxc3 21. bxc3 Rb2 22.
Rdb1 Rxb1+ 23. Rxb1 Nd3 24. a3 Nf4 25. Bxf4 exf4 26. Qxf4 Qc5 27. a4 Bd7 28. Ne2
Nh5 29. Qf3 Bg5 30. Nd4 Nf4 31. h4 Bh6 32. Rb7 Bc8 33. Ng4 Bg7 34. Rb5 Qa3 35.
Qxf4 Bxg4 36. Rb7 Rf8 37. Qxg4 Qxc3 38. Qe2 Bxd4 39. Kh2 Be5+ 40. g3 Rc8 41. Kg2
Bf6 42. Qg4 Rf8 43. Qe2 Rc8 44. Qg4 Rf8 45. Qe2 Rc8 1/2-1/2

[Event "World Rapid 2015"]
[Site "Berlin GER"]
[Date "2015.10.12"]
[Round "13.55"]
[White "Alekseev, Evgeny"]
[Black "Meister, Jakob"]
[Result "1-0"]
[WhiteTitle "GM"]
[BlackTitle "GM"]
[WhiteElo "2642"]
[BlackElo "2437"]
[WhiteFideId "4138147"]
[BlackFideId "4102541"]
[EventDate "2015.10.10"]

1. e4 c5 2. Nf3 e6 3. d4 cxd4 4. Nxd4 Nf6 5. Nc3 Bb4 6. e5 Nd5 7. Qg4 O-O 8. Bh6
g6 9. Bxf8 Qxf8 10. Qg3 Qc5 11. Ne2 Nc6 12. O-O-O Nxc3 13. Nxc3 Qxe5 14. Qxe5
Nxe5 15. Be2 d5 16. Nb5 Bd7 17. Nd4 Bc5 18. Rhf1 Nc6 19. Nb3 Bb6 20. Kb1 a5 21.
a3 Ne7 22. Nd4 e5 23. Nb5 Bc6 24. a4 h5 25. Rd2 Kg7 26. c3 Nf5 27. Bd1 d4 28.
Re1 dxc3 29. bxc3 f6 30. Bc2 Nh4 31. f3 Nf5 32. Be4 Ne3 33. Nd6 Bxa4 34. Rb2 Bc5
35. Nxb7 Ba7 36. Nc5 Bxc5 37. Bxa8 Kh6 38. Ra2 Bb5 39. Rxa5 Bd3+ 40. Kc1 Bb6 41.
Ra2 f5 42. Kd2 Nxg2 43. Rxe5 Bc4 44. Ra4 Bf1 45. f4 Bc7 46. Bxg2 Bxg2 47. Re7
Bb8 48. Ke3 h4 49. Ra6 Bd5 50. Rb6 1-0

[Event "World Rapid 2015"]
[Site "Berlin GER"]
[Date "2015.10.12"]
[Round "13.68"]
[White "Przybylski, Wojciech"]
[Black "Munoz Pantoja, Miguel"]
[Result "0-1"]
[WhiteTitle "FM"]
[BlackTitle "GM"]
[WhiteElo "2354"]
[BlackElo "2441"]
[WhiteFideId "1117599"]
[BlackFideId "3800229"]
[EventDate "2015.10.10"]

1. e4 d5 2. exd5 Qxd5 3. Nc3 Qa5 4. d4 Nf6 5. Bc4 Nc6 6. Ne2 Bg4 7. f3 Be6 8.
Bb3 Bxb3 9. cxb3 O-O-O 10. O-O e5 11. Bg5 exd4 12. Bxf6 gxf6 13. Ne4 f5 14. Ng5
Rd7 15. b4 Bxb4 16. Qd3 Be7 17. f4 Nb4 18. Qb3 d3 19. Ng3 Nc2 20. Rad1 Bxg5 21.
Rxd3 Rxd3 22. Qxd3 Qc5+ 23. Rf2 Nb4 24. Qc3 Qxc3 25. bxc3 Nd3 26. Rf3 Nxf4 27.
Nxf5 Ng6 28. g3 Rd8 29. h4 Ne5 30. Rf1 Bd2 31. Rd1 Rd7 32. Kg2 Bxc3 33. Rc1 Bd2 0-1

[Event "World Rapid 2015"]
[Site "Berlin GER"]
[Date "2015.10.12"]
[Round "14.44"]
[White "Bluebaum, Matthias"]
[Black "Grigoriants, Sergey"]
[Result "1/2-1/2"]
[WhiteTitle "GM"]
[BlackTitle "GM"]
[WhiteElo "2588"]
[BlackElo "2603"]
[WhiteFideId "24651516"]
[BlackFideId "4130804"]
[EventDate "2015.10.10"]

1. d4 Nf6 2. c4 e6 3. g3 d5 4. Bg2 Bb4+ 5. Nd2 O-O 6. Nf3 b6 7. O-O Bb7 8. a3
Be7 9. cxd5 exd5 10. b4 c6 11. Ne5 Nbd7 12. Bb2 Re8 13. Rc1 c5 14. bxc5 bxc5 15.
Nxd7 Nxd7 16. dxc5 Nxc5 17. Nb3 Ne4 18. f3 Bf6 19. Bxf6 Nxf6 20. Nd4 Qa5 21. Qb3
Ba6 22. Rfe1 h6 23. Qb4 Qd8 24. Bh3 Nh7 25. Rc6 Ng5 26. Bg2 Bc4 27. e4 Rc8 28.
h4 Rxc6 29. Nxc6 Qc7 30. hxg5 Qxc6 31. gxh6 Qxh6 32. f4 Qb6+ 33. Qxb6 axb6 34.
Rc1 b5 35. exd5 Rd8 36. a4 Kf8 37. axb5 Bxb5 38. Re1 Rd7 39. Kf2 Bc4 40. Rd1 Ke7
41. Ke3 Kd6 42. Kd4 Bb5 43. Rb1 Rb7 44. Ra1 Rb6 45. Ra7 Bd7 46. Kc4 f6 47. Be4
g5 48. Bc2 gxf4 49. gxf4 Bb5+ 50. Kd4 Bd7 51. Kc4 Bb5+ 52. Kd4 Bd7 1/2-1/2

[Event "World Rapid 2015"]
[Site "Berlin GER"]
[Date "2015.10.12"]
[Round "14.49"]
[White "Milanovic, Danilo"]
[Black "Gajewski, Grzegorz"]
[Result "0-1"]
[WhiteTitle "GM"]
[BlackTitle "GM"]
[WhiteElo "2469"]
[BlackElo "2654"]
[WhiteFideId "915483"]
[BlackFideId "1116207"]
[EventDate "2015.10.10"]

1. d4 Nf6 2. c4 e6 3. Nc3 Bb4 4. e3 O-O 5. Bd3 d5 6. cxd5 exd5 7. Ne2 Re8 8. O-O
b6 9. a3 Bd6 10. f3 c5 11. Rb1 Nc6 12. Bd2 a6 13. Rf2 b5 14. Kh1 b4 15. axb4
Nxb4 16. Bc2 g6 17. Ra1 Nxc2 18. Qxc2 Bf5 19. Qd1 h5 20. dxc5 Bxc5 21. Nd4 Bd7
22. Nce2 Qb6 23. Qc1 Qd6 24. Nf4 Rac8 25. Bc3 Qe7 26. Rxa6 Bxd4 27. exd4 Bb5 28.
Ra1 g5 29. Nh3 Nh7 30. Qd2 f6 31. Ng1 Nf8 32. Bb4 Qe6 33. h4 Nh7 34. Nh3 Qf5 35.
Ra5 Bd7 36. Ra7 Qb1+ 37. Ng1 Rc1 38. Rxd7 Rxg1+ 39. Kh2 gxh4 0-1

[Event "World Rapid 2015"]
[Site "Berlin GER"]
[Date "2015.10.12"]
[Round "15.24"]
[White "Vitiugov, Nikita"]
[Black "Ponkratov, Pavel"]
[Result "1/2-1/2"]
[WhiteTitle "GM"]
[BlackTitle "GM"]
[WhiteElo "2725"]
[BlackElo "2604"]
[WhiteFideId "4152956"]
[BlackFideId "4157800"]
[EventDate "2015.10.10"]

1. d4 Nf6 2. Nf3 e6 3. c4 c5 4. g3 Qa5+ 5. Nbd2 cxd4 6. Nxd4 Nc6 7. Nb3 Qh5 8.
Bg2 a5 9. Nf3 Bb4+ 10. Bd2 d5 11. cxd5 exd5 12. h3 O-O 13. a3 Bxd2+ 14. Qxd2 Ne4
15. Qf4 Re8 16. Rd1 Ra6 17. g4 Qg6 18. O-O a4 19. Nbd4 Rb6 20. Nh4 Qf6 21. Qxf6
Nxf6 22. Nhf5 Bxf5 23. Nxf5 Rxe2 24. g5 Re5 25. gxf6 Rxf5 26. Bxd5 gxf6 27. Rd2
Ne5 28. Kg2 Kg7 29. Be4 Rf4 30. f3 f5 31. Kg3 Ng6 32. Bd5 h5 33. Rc1 h4+ 34. Kf2
Rd6 35. Rc7 Kf6 36. Ke3 b6 37. Rxf7+ Ke5 38. Rg7 b5 39. Rg8 b4 40. Re8+ Kf6 41.
Rg8 Ke5 42. Rxg6 Rxg6 43. Bf7 Rxf3+ 44. Kxf3 Rg3+ 45. Kf2 bxa3 46. bxa3 Rxh3 47.
Rd5+ Kf6 48. Be8 Rxa3 49. Bd7 h3 50. Rxf5+ Ke7 51. Bc6 Kd6 52. Bxa4 1/2-1/2

[Event "World Rapid 2015"]
[Site "Berlin GER"]
[Date "2015.10.12"]
[Round "15.52"]
[White "Krnan, Tomas"]
[Black "Anton Guijarro, David"]
[Result "1/2-1/2"]
[WhiteTitle "IM"]
[BlackTitle "GM"]
[WhiteElo "2440"]
[BlackElo "2634"]
[WhiteFideId "14905361"]
[BlackFideId "2285525"]
[EventDate "2015.10.10"]

1. e4 c5 2. Nf3 d6 3. Bb5+ Nd7 4. O-O a6 5. Bd3 Ngf6 6. c3 b5 7. Re1 e5 8. a4 c4
9. Bc2 Bb7 10. axb5 axb5 11. Rxa8 Qxa8 12. Na3 Ba6 13. d3 Be7 14. Nh4 g6 15.
dxc4 bxc4 16. Bh6 Qc8 17. Ba4 Kd8 18. Nf3 Ng4 19. Bg5 Qc5 20. Bxe7+ Kxe7 21. Qd2
Nb6 22. Bd1 Nf6 23. Nc2 Bb7 24. Qg5 h6 25. Qh4 Nd7 26. Nb4 Nf8 27. Nd5+ Bxd5 28.
exd5 Qxd5 29. Be2 g5 30. Qxc4 Ne6 31. Ra1 Rb8 32. Qxd5 Nxd5 33. Bc4 Ndc7 34. b4
d5 35. Nxe5 Kd6 36. Nxf7+ Ke7 37. Ne5 Kd6 38. Nf7+ Ke7 39. Ne5 1/2-1/2